000 01144nam a22002057a 4500
999 _c62395
_d62395
003 Ge_BSU
005 20241022113749.0
008 241022s1999 ge ||||| |||| 00| 0 geo d
041 _ageo
080 _a616.31(075.8) თ-49
245 _aთერაპიული სტომატოლოგია :
_b[სახელმძღვ.] ტ. 3 /
_cავტ.: ე. ვ. ბოროვსკი, ი. დ. ბარიშევა, ი. მ. მაქსიმოვსკი და სხვ.]; რედ. დ. ეფრემიძე, ი. გარაყანიძე.
264 _aთბ. :
_bმთაწმინდელი,
_c 1999.
300 _a544 გვ. :
_bილ.
_c20 სმ.
700 _aბოროვსკი, ე. ვ.
_eავტორი
_923469
700 _aბარიშევა, ი. დ.
_eავტორი
_923470
700 _aმაქსიმოვსკი, ი. მ. და სხვ.
_923477
700 _a ეფრემიძე, დ.
_eრედაქტორი
_923478
700 _aი. გარაყანიძე.
_eრედაქტორი
_923479
942 _2udc
_cᲬᲘᲒᲜᲘ